|
|
|
|
| LEADER |
00000nab a2200000 a 4500 |
| 001 |
vtls000310690 |
| 003 |
SK-MaSNL |
| 005 |
20260304175020.0 |
| 008 |
111201c1977 xo 0 cze |
| 015 |
|
|
|a SNBRB19rr/mm-uuuuu
|
| 035 |
|
|
|a CL0000782
|
| 040 |
|
|
|a SNKBUCL
|b slo
|c SNKBUCL
|e AACR2
|
| 041 |
0 |
|
|a cze
|
| 044 |
|
|
|a xo
|c SK
|
| 080 |
|
|
|a 361/362
|2 1981
|
| 100 |
1 |
|
|a Splítková, Květa
|4 aut
|9 1506758
|
| 245 |
1 |
0 |
|a Rozvoj péče o staré občany v Kladenském okrese
|c Květa Splítková
|
| 650 |
0 |
7 |
|a seniori
|2 snkbucl
|9 117453
|
| 650 |
0 |
7 |
|a sociálna starostlivosť
|2 snkbucl
|9 3737
|
| 651 |
|
7 |
|a 3203
|2 snkbucl
|9 924373
|
| 655 |
|
7 |
|a články z novín a časopisov
|2 snkbucl
|9 267496
|
| 773 |
0 |
|
|t Sociálna politika
|g Roč. 3, č. 12 (1977), s. 257-258
|
| 850 |
|
|
|a Slovenská národná knižnica v Martine
|a MTA001
|
| 852 |
|
|
|a SNK
|b KIS3GCP
|
| 958 |
|
|
|a RK
|
| 992 |
|
|
|a RBX
|
| 999 |
|
|
|c 3011613
|d 3013543
|